Invasion of the bodysnatchers (Record no. 67235)

MARC details
000 -LEADER
fixed length control field 01532cam a2200241 4500
001 - CONTROL NUMBER
control field ABS63943
008 - FIXED-LENGTH DATA ELEMENTS--GENERAL INFORMATION
fixed length control field 000000n2001 000 0 eng u
035 ## - SYSTEM CONTROL NUMBER
System control number (Sirsi) u112947
100 ## - MAIN ENTRY--PERSONAL NAME
Personal name Tolson, S
245 ## - TITLE STATEMENT
Title Invasion of the bodysnatchers
260 ## - PUBLICATION, DISTRIBUTION, ETC.
Date of publication, distribution, etc. 2001
490 ## - SERIES STATEMENT
Series statement Building
Volume/sequential designation 266(8186) 25 May 2001, 54-55(2)
520 ## - SUMMARY, ETC.
Summary, etc. Considers the right to adjudicate in the context of name-borrowing clauses in a construction management contracts. Name-borrowing originated from the 'green form', a contract for use by nominated subcontractors engaged by main contractors under the JCT63 and allowed the subcontractor to use the main contractor's name. The provisions in the green form were poorly drafted and any interpretation gave rise to difficulties. Questions why the latest edition of the JCT management contract has incorporated very similar provisions and discusses a current name-borrowing dispute where the relationship between the management contractor with its employer and works contractor has reached breaking point.
590 ## - LOCAL NOTE (RLIN)
Local note ABS
650 ## - SUBJECT ADDED ENTRY--TOPICAL TERM
Topical term or geographic name entry element NAME BORROWING
650 ## - SUBJECT ADDED ENTRY--TOPICAL TERM
Topical term or geographic name entry element CONTRACTORS
650 ## - SUBJECT ADDED ENTRY--TOPICAL TERM
Topical term or geographic name entry element SUBCONTRACTORS
650 ## - SUBJECT ADDED ENTRY--TOPICAL TERM
Topical term or geographic name entry element MANAGEMENT CONTRACTS
650 ## - SUBJECT ADDED ENTRY--TOPICAL TERM
Topical term or geographic name entry element BUILT ENVIRONMENT-BUILDING CONTRACT FORMS-STANDARD FORMS OF BUILDING CONTRACT-JOINT CONTRACTS TRIBNUAL CONTRACTS
650 ## - SUBJECT ADDED ENTRY--TOPICAL TERM
Topical term or geographic name entry element MANAGEMENT-DISPUTE AVOIDANCE, MANAGEMENT AND RESOLUTION-DISPUTE MANAGEMENT AND RESOLUTION-ALTERNATIVE DISPUTE RESOLUTION-ADJUDICATION
690 ## - LOCAL SUBJECT ADDED ENTRY--TOPICAL TERM (OCLC, RLIN)
Topical term or geographic name as entry element BUILT ENVIRONMENT-BUILDING CONTRACT FORMS
942 ## - ADDED ENTRY ELEMENTS (KOHA)
Suppress in OPAC 0
Holdings
Withdrawn status Lost status Source of classification or shelving scheme Damaged status Not for loan Home library Current library Shelving location Date acquired Total Checkouts Full call number Barcode Date last seen Copy number Price effective from Koha item type
    Dewey Decimal Classification     London London Journal article 05/06/2001   ABS63943 112947-1001 06/08/2019 1 06/08/2019 Journal article